[Event "27th Czech Open A 2016"]
[Site "Pardubice CZE"]
[Date "2016.07.22"]
[Round "1.24"]
[White "Praveen, Kumar C"]
[Black "Gundavaa, Bayarsaikhan"]
[Result "1/2-1/2"]
[WhiteTitle "IM"]
[BlackTitle "GM"]
[WhiteElo "2246"]
[BlackElo "2503"]
[WhiteFideId "5007372"]
[BlackFideId "4901045"]
[EventDate "2016.07.22"]

1. d4 Nf6 2. c4 e6 3. Nc3 Bb4 4. e3 O-O 5. Ne2 d5 6. a3 Be7 7. cxd5 exd5 8. b4
Nbd7 9. Nf4 Nb6 10. Bd3 Bd6 11. Nh5 c6 12. Nxf6+ Qxf6 13. O-O Bf5 14. f3 Bxd3
15. Qxd3 Rad8 16. Ra2 Qe6 17. b5 c5 18. a4 Rfe8 19. Re2 f5 20. Rd1 c4 21. Qc2
Bb4 22. Bd2 Rd7 23. Ra1 Ba5 24. Nb1 Bxd2 25. Nxd2 Nc8 26. Rae1 Qf6 27. Kh1 Rde7
28. Nb1 Nd6 29. Nc3 Qe6 30. a5 h5 31. Kg1 h4 32. h3 Qf7 33. Qb2 Qe6 34. b6 a6
35. Qb4 Rc8 36. e4 fxe4 37. fxe4 dxe4 38. Nxe4 Nxe4 39. Rxe4 Qxe4 40. Rxe4 Rxe4
41. Qd6 Kh8 42. Qd5 Re7 43. Qf5 Rd8 44. Qc5 Red7 45. Qxc4 Rxd4 46. Qf7 R8d7 47.
Qe8+ Kh7 48. Qh5+ 1/2-1/2

[Event "27th Czech Open A 2016"]
[Site "Pardubice CZE"]
[Date "2016.07.22"]
[Round "1.25"]
[White "Yuffa, Daniil"]
[Black "Jablonicky, Martin"]
[Result "1-0"]
[WhiteTitle "IM"]
[BlackTitle "FM"]
[WhiteElo "2502"]
[BlackElo "2244"]
[WhiteFideId "24131423"]
[BlackFideId "14925621"]
[EventDate "2016.07.22"]

1. d4 Nf6 2. c4 e6 3. g3 c5 4. d5 exd5 5. cxd5 d6 6. Nc3 g6 7. Bg2 Bg7 8. Nf3
O-O 9. O-O Re8 10. Bf4 Ne4 11. Nxe4 Rxe4 12. Nd2 Rxf4 13. gxf4 Bxb2 14. Rb1 Bg7
15. Nc4 b5 16. Rxb5 Ba6 17. Qa4 Bxb5 18. Qxb5 Qe7 19. Nxd6 Nd7 20. Qc6 Rb8 21.
e3 Rb2 22. Nc8 Qd8 23. d6 Bf6 24. Qc7 Rxa2 25. Rb1 Bh4 26. Qxd8+ Bxd8 27. Rb7
Ra1+ 28. Bf1 Nf8 29. Kg2 Rc1 30. Nxa7 c4 31. Nc6 Bf6 32. Ne5 c3 33. Nxf7 Ne6 34.
Nh6+ Kh8 35. Ng4 Bd8 36. Rb8 Kg7 37. Rc8 Bb6 38. Bc4 Nc5 39. Rc7+ Kf8 40. Rf7+ 1-0

[Event "27th Czech Open A 2016"]
[Site "Pardubice CZE"]
[Date "2016.07.22"]
[Round "1.26"]
[White "Ni, Viktorija"]
[Black "Plat, Vojtech"]
[Result "1-0"]
[WhiteTitle "WIM"]
[BlackTitle "IM"]
[WhiteElo "2241"]
[BlackElo "2498"]
[WhiteFideId "11602252"]
[BlackFideId "325740"]
[EventDate "2016.07.22"]

1. d4 d6 2. Nf3 Bg4 3. e4 Nf6 4. Nc3 c6 5. h3 Bh5 6. Bd3 Nfd7 7. Be3 e5 8. d5
Be7 9. Qd2 Qa5 10. b4 Qc7 11. dxc6 bxc6 12. b5 Nb6 13. a4 a5 14. bxc6 Nxc6 15.
Bb5 Kf8 16. Bxb6 Qxb6 17. Nd5 Qb7 18. Bxc6 Qxc6 19. Rb1 Bg6 20. Rb6 Qc5 21. Rb5
Qc4 22. Qxa5 Qxe4+ 23. Kf1 Rc8 24. Qc7 Qxc2 25. Qxe7+ Kg8 26. Kg1 h6 27. Qh4 f6
28. Ne7+ Kh7 29. Nxc8 Rxc8 30. Rb7 Be4 31. Re7 Kh8 32. Qg3 Rg8 33. Kh2 f5 34.
Re1 f4 35. Qh4 Bh7 36. a5 Qa4 37. Re6 Qxa5 38. Rxd6 e4 39. Nd2 Rf8 40. Qe7 Rg8
41. Rc1 Qa3 42. Rc7 Qb2 43. Nxe4 1-0

[Event "27th Czech Open A 2016"]
[Site "Pardubice CZE"]
[Date "2016.07.22"]
[Round "1.27"]
[White "Pardo Simon, David"]
[Black "Lorscheid, Gerhard"]
[Result "1/2-1/2"]
[WhiteTitle "IM"]
[BlackTitle "FM"]
[WhiteElo "2492"]
[BlackElo "2240"]
[WhiteFideId "2296276"]
[BlackFideId "4606000"]
[EventDate "2016.07.22"]

1. d4 d6 2. Nf3 Nf6 3. c4 g6 4. Nc3 Bg7 5. e4 O-O 6. Be2 c5 7. d5 e6 8. O-O Re8
9. h3 exd5 10. exd5 Ne4 11. Nxe4 Rxe4 12. Bd3 Re8 13. Bg5 Bf6 14. Qd2 Nd7 15.
Bxf6 Nxf6 16. Rae1 Bd7 17. Qf4 Rxe1 18. Rxe1 Be8 19. Ng5 Kg7 20. g4 h6 21. Nf3
Nh7 22. Re4 Ng5 23. Nxg5 hxg5 24. Qe3 Bd7 25. f4 gxf4 26. Rxf4 Qh4 27. Re4 Re8
28. Rxe8 Bxe8 29. Kg2 Bd7 30. g5 Kf8 31. Qg3 1/2-1/2

[Event "27th Czech Open A 2016"]
[Site "Pardubice CZE"]
[Date "2016.07.22"]
[Round "1.28"]
[White "Jedlicka, Ales"]
[Black "Belyakov, Bogdan"]
[Result "0-1"]
[WhiteTitle "FM"]
[BlackTitle "IM"]
[WhiteElo "2239"]
[BlackElo "2488"]
[WhiteFideId "304824"]
[BlackFideId "24104795"]
[EventDate "2016.07.22"]

1. d4 Nf6 2. c4 g6 3. Nf3 Bg7 4. g3 O-O 5. Bg2 d6 6. O-O Nc6 7. Nc3 a6 8. b3 Rb8
9. Nd5 Nh5 10. Bb2 e6 11. Nc3 Ne7 12. e4 c5 13. dxc5 dxc5 14. Qxd8 Rxd8 15. Rad1
Bd7 16. Rd2 Bc6 17. Rfd1 Rxd2 18. Rxd2 b5 19. cxb5 axb5 20. Ne1 Nf6 21. f3 Bh6
22. f4 Bg7 23. e5 Nfd5 24. Nd3 Nxc3 25. Bxc3 Bxg2 26. Kxg2 Nd5 27. Ba5 Bf8 28.
a3 c4 29. Ne1 Bxa3 30. bxc4 bxc4 31. Nc2 Bc5 32. Re2 c3 0-1

[Event "27th Czech Open A 2016"]
[Site "Pardubice CZE"]
[Date "2016.07.22"]
[Round "1.29"]
[White "Zumsande, Martin"]
[Black "Strugnell, Carl"]
[Result "1/2-1/2"]
[WhiteTitle "IM"]
[BlackTitle "FM"]
[WhiteElo "2487"]
[BlackElo "2238"]
[WhiteFideId "4651324"]
[BlackFideId "616753"]
[EventDate "2016.07.22"]

1. e4 e5 2. Nf3 Nc6 3. d4 exd4 4. Nxd4 Nf6 5. Nxc6 bxc6 6. e5 Qe7 7. Qe2 Nd5 8.
c4 Nb6 9. Nc3 Qe6 10. Qe4 d5 11. exd6 Qxe4+ 12. Nxe4 cxd6 13. Bd2 Be7 14. O-O-O
Bf5 15. Bd3 O-O 16. Rhe1 Bg6 17. Bb4 Rfd8 18. f4 Bf8 19. Ba5 d5 20. Nc3 Bxd3 21.
Rxd3 d4 22. Ne4 c5 23. b3 f5 24. Ng5 Re8 25. Rdd1 h6 26. Nf3 Bd6 27. g3 Kf7 28.
Kc2 Kf6 29. Kd3 Re4 30. Bxb6 axb6 31. Rxe4 fxe4+ 32. Kxe4 Rxa2 33. Rd2 Ra8 34.
Kd5 Bf8 35. Kc6 Re8 36. Ne5 Kf5 37. Re2 Re6+ 38. Kd7 Bd6 39. g4+ Kf6 40. g5+ Kf5
41. Rf2 Bf8 42. h4 Re7+ 43. Kc6 Re6+ 44. Kd7 Re7+ 45. Kc6 1/2-1/2

[Event "27th Czech Open A 2016"]
[Site "Pardubice CZE"]
[Date "2016.07.22"]
[Round "1.30"]
[White "Holtman, Teodor"]
[Black "Haba, Petr"]
[Result "1/2-1/2"]
[BlackTitle "GM"]
[WhiteElo "2238"]
[BlackElo "2484"]
[WhiteFideId "14933721"]
[BlackFideId "300160"]
[EventDate "2016.07.22"]

1. e4 e6 2. d3 d5 3. Nd2 c5 4. g3 Bd6 5. Bg2 Ne7 6. Ngf3 Nbc6 7. O-O O-O 8. Re1
Bc7 9. exd5 Nxd5 10. Nc4 Rb8 11. Nfe5 Nce7 12. a4 f6 13. Nf3 Nb4 14. d4 cxd4 15.
Nxd4 e5 16. Nb5 Be6 17. Qe2 a6 18. Rd1 Qc8 19. Nba3 Bg4 20. f3 Bh3 21. Be3 Bxg2
22. Kxg2 Nbd5 23. Ba7 Ra8 24. Bc5 Rd8 25. Bxe7 Nxe7 26. Rxd8+ Qxd8 27. Rd1 Qe8
28. Qe4 Rb8 29. Nd6 Qc6 30. Qb4 Nd5 31. Qc4 Qxc4 32. Naxc4 Nb4 33. c3 Nc6 34.
Nf5 Rd8 35. Rxd8+ Nxd8 36. Ncd6 Kf8 37. Ne4 Kf7 38. Kf2 Bb6+ 39. Ke2 g6 40. Ne3
Ke6 41. Ng4 f5 42. Ng5+ Kd5 43. Nf6+ Kc4 44. Nfxh7 Bc5 45. b4 Be7 46. Kd2 b6 47.
Kc2 a5 48. bxa5 bxa5 49. h4 f4 50. g4 Nb7 51. Nf7 Kd5 52. Nhg5 Nc5 53. h5 gxh5
54. gxh5 e4 55. h6 exf3 56. h7 Bf6 57. Nxf3 Ke6 58. h8=Q 1/2-1/2

[Event "27th Czech Open A 2016"]
[Site "Pardubice CZE"]
[Date "2016.07.22"]
[Round "1.31"]
[White "Potapov, Pavel"]
[Black "Spitzl, Vinzent"]
[Result "1-0"]
[WhiteTitle "GM"]
[WhiteElo "2483"]
[BlackElo "2238"]
[WhiteFideId "4169786"]
[BlackFideId "12901253"]
[EventDate "2016.07.22"]

1. e4 c5 2. c3 d5 3. exd5 Qxd5 4. d4 g6 5. Nf3 Bg7 6. Na3 cxd4 7. Bc4 Qe4+ 8.
Be3 Bg4 9. cxd4 Nf6 10. Nb5 O-O 11. Nc7 Nbd7 12. Nxa8 Bxf3 13. Qxf3 Qxf3 14.
gxf3 Rxa8 15. Rc1 Nb6 16. Bb3 Ne8 17. a4 Rd8 18. Ke2 e6 19. a5 Nd5 20. Bxd5 Rxd5
21. Rc8 Kf8 22. Rb8 Rd7 23. d5 Rxd5 24. Rd1 Rxd1 25. Bc5+ 1-0

[Event "27th Czech Open A 2016"]
[Site "Pardubice CZE"]
[Date "2016.07.22"]
[Round "1.32"]
[White "Eret, Jonas"]
[Black "Smirnov, Anton"]
[Result "0-1"]
[BlackTitle "IM"]
[WhiteElo "2236"]
[BlackElo "2478"]
[WhiteFideId "364495"]
[BlackFideId "3208923"]
[EventDate "2016.07.22"]

1. d4 Nf6 2. Nf3 d5 3. Bf4 c5 4. e3 Nc6 5. c3 Qb6 6. b3 Bg4 7. h3 Bh5 8. Be2 e6
9. O-O Be7 10. a4 cxd4 11. exd4 O-O 12. Nbd2 a5 13. Bd3 Rfc8 14. Qe2 Qd8 15. Qe3
Bg6 16. Bxg6 hxg6 17. Rfe1 Ra6 18. Ng5 Nb8 19. Qf3 Nbd7 20. Be5 Qe8 21. h4 Rac6
22. Re3 Nxe5 23. dxe5 Nd7 24. c4 Bc5 25. cxd5 exd5 26. Re2 Nxe5 27. Qxd5 Rd6 28.
Qxb7 Rd7 29. Qb5 Bd4 30. Rae1 Qd8 31. Ndf3 Rd5 32. Qb7 Rc7 33. Qxd5 Qxd5 34.
Nxe5 Bc5 35. Nef3 Bf8 36. Re8 Qd7 37. Ra8 Rc8 38. Rxc8 Qxc8 39. Re3 Bc5 40. Rd3
f6 41. Ne4 Bb6 42. Rc3 Qe6 43. Rc4 Qd7 44. Nc3 Kh7 45. g3 Bd8 46. Rd4 Qc8 47.
Nd5 Qc2 48. Ne3 Qc1+ 49. Rd1 Qc8 50. Nc4 Bc7 51. Kg2 Qf5 52. Ne3 Qe4 53. Rd4 Qb7
54. Rd3 Bb6 55. Nc4 Qe4 56. Rd7 Bc5 57. Nxa5 g5 58. hxg5 fxg5 59. Rc7 Bd4 60.
Nc6 Bf6 61. Ne5 Bxe5 62. Rc4 Qd5 63. g4 Bf4 64. Rc3 Kg8 65. b4 Qd7 66. b5 Qxg4+
67. Kf1 Qh3+ 68. Ke2 g4 69. Rc8+ Kh7 0-1

[Event "27th Czech Open A 2016"]
[Site "Pardubice CZE"]
[Date "2016.07.22"]
[Round "1.33"]
[White "Puranik, Abhimanyu"]
[Black "Davletbayeva, Madina"]
[Result "1-0"]
[WhiteTitle "IM"]
[BlackTitle "WIM"]
[WhiteElo "2475"]
[BlackElo "2235"]
[WhiteFideId "5061245"]
[BlackFideId "13703595"]
[EventDate "2016.07.22"]

1. e4 e5 2. Nf3 Nc6 3. Bb5 a6 4. Ba4 Nf6 5. d3 d6 6. c3 g6 7. O-O Bg7 8. Bg5 h6
9. Bh4 O-O 10. Re1 Bg4 11. h3 Bd7 12. Nbd2 Qe8 13. Nf1 Nh5 14. Ne3 Kh8 15. Nd5
Qc8 16. Nh2 Be6 17. Bb3 Qd7 18. a3 Nf4 19. d4 Bxd5 20. exd5 Ne7 21. dxe5 dxe5
22. Nf3 Qd6 23. Bg3 Rad8 24. Qd2 Nexd5 25. Rad1 Qb6 26. Qc2 Qc6 27. Rd2 Rd6 28.
Red1 Rfd8 29. Qe4 Nxc3 30. Qxc6 Nce2+ 31. Kf1 bxc6 32. Bc4 Nxg3+ 33. fxg3 Nd5
34. Re1 a5 35. Rde2 f6 36. Ba2 Kh7 37. Bb1 Ne7 38. g4 Rd1 39. h4 Kg8 40. Kf2
Rxe1 41. Kxe1 Kf7 42. g5 hxg5 43. hxg5 Ke6 44. gxf6 Bxf6 45. Be4 Nd5 46. Rc2 Kd6
47. Nd2 Bh4+ 48. Ke2 Nf4+ 49. Kf3 Ne6 50. Kg4 Nd4 51. Rc1 Be7 52. Nc4+ Ke6 53.
Nxa5 Rh8 54. g3 Rh5 55. Rc3 Rh2 56. Nxc6 Nxc6 57. Rxc6+ Bd6 58. b4 Ra2 59. Rc3
Kf6 60. Bd5 Rd2 61. Be4 Ra2 62. Rf3+ Kg7 63. Rb3 Kf6 64. Kf3 c5 65. Bd3 cxb4 66.
axb4 Ra4 67. b5 Ra3 68. Rxa3 Bxa3 69. b6 Bd6 70. Ke4 Bb8 71. Bc4 Kg5 72. Be2 Kf6
73. Bf3 Kg5 74. b7 Kf6 75. g4 Ke6 76. g5 Ba7 77. Be2 Kd6 78. Bc4 Kc7 79. Bd5 Bd4
80. Bf7 Bc5 81. Kxe5 Be7 82. Bxg6 Bxg5 83. Be4 1-0

[Event "27th Czech Open A 2016"]
[Site "Pardubice CZE"]
[Date "2016.07.22"]
[Round "1.34"]
[White "Vidic, Teja"]
[Black "Gutman, Gennadi"]
[Result "0-1"]
[WhiteTitle "WFM"]
[BlackTitle "GM"]
[WhiteElo "2235"]
[BlackElo "2473"]
[WhiteFideId "14605511"]
[BlackFideId "14102277"]
[EventDate "2016.07.22"]

1. e4 c5 2. Nf3 d6 3. Bb5+ Nc6 4. O-O Bd7 5. Re1 Nf6 6. c3 a6 7. Bxc6 Bxc6 8. d4
Bxe4 9. Bg5 d5 10. Nbd2 Bg6 11. dxc5 e6 12. Qa4+ Qd7 13. Qd4 Be7 14. Ne5 Qb5 15.
b4 Qa4 16. Ndf3 Be4 17. Nd2 Bf5 18. g4 Bc2 19. Re3 h6 20. Bh4 Bh7 21. Rae1 Qxa2
22. c6 Qa4 23. cxb7 Rb8 24. Nxf7 Kxf7 25. Rxe6 Rhe8 26. Bxf6 gxf6 27. Qxd5 Kf8
28. Rxe7 Rxe7 29. Qd6 Rxb7 30. Qxf6+ Rf7 31. Qxh6+ Kg8 32. Qg5+ Kh8 33. Qe5+ Rg7
34. Nc4 Qb5 35. Qd4 Rd7 36. Re8+ Bg8 37. Nd6 Rxd6 38. Rxg8+ Kxg8 39. Qxd6 Rxg4+ 0-1

[Event "27th Czech Open A 2016"]
[Site "Pardubice CZE"]
[Date "2016.07.22"]
[Round "1.35"]
[White "Simacek, Pavel"]
[Black "Contin, Daniel"]
[Result "1-0"]
[WhiteTitle "IM"]
[BlackTitle "IM"]
[WhiteElo "2470"]
[BlackElo "2232"]
[WhiteFideId "307165"]
[BlackFideId "803618"]
[EventDate "2016.07.22"]

1. e4 e6 2. d4 d5 3. e5 c5 4. c3 Bd7 5. Nf3 Qb6 6. Be2 Nc6 7. O-O Nh6 8. dxc5
Bxc5 9. b4 Be7 10. Bf4 f6 11. c4 Nf7 12. cxd5 Ncxe5 13. Nxe5 fxe5 14. Be3 Qxb4
15. Bg4 Ba4 16. Qf3 e4 17. Qh3 exd5 18. Nd2 Qd6 19. f3 h5 20. Be6 Nd8 21. Bg4
Nf7 22. Be6 Ng5 23. Bxg5 Bxg5 24. fxe4 Bxd2 25. exd5 Qe5 26. Bf7+ Kd8 27. Qh4+
Kc7 28. Qxa4 Be3+ 29. Kh1 Raf8 30. Rae1 Qc3 31. Qe4 Bd2 32. Rb1 b6 33. d6+ Kb8
34. d7 Qe3 35. Qc6 Rh6 36. Be6 1-0

[Event "27th Czech Open A 2016"]
[Site "Pardubice CZE"]
[Date "2016.07.22"]
[Round "1.36"]
[White "Johannesson, Oliver"]
[Black "Neelotpal, Das"]
[Result "0-1"]
[WhiteTitle "FM"]
[BlackTitle "GM"]
[WhiteElo "2232"]
[BlackElo "2467"]
[WhiteFideId "2305623"]
[BlackFideId "5003512"]
[EventDate "2016.07.22"]

1. d4 Nf6 2. c4 e6 3. Nf3 d5 4. Nc3 dxc4 5. e3 a6 6. Bxc4 b5 7. Be2 Bb7 8. O-O
Nbd7 9. b3 c5 10. Bb2 Qb8 11. Rc1 Bd6 12. h3 O-O 13. a4 b4 14. Nb1 Rd8 15. Nbd2
Qa7 16. Nc4 Be7 17. Na5 Bd5 18. Bc4 Qc7 19. Bxd5 exd5 20. dxc5 Qxa5 21. c6 Nc5
22. Nd4 g6 23. Qf3 Nfe4 0-1

[Event "27th Czech Open A 2016"]
[Site "Pardubice CZE"]
[Date "2016.07.22"]
[Round "1.37"]
[White "Satyapragyan, Swayangsu"]
[Black "Rous, Daniel"]
[Result "1-0"]
[WhiteTitle "IM"]
[WhiteElo "2467"]
[BlackElo "2232"]
[WhiteFideId "5004306"]
[BlackFideId "338150"]
[EventDate "2016.07.22"]

1. e4 c5 2. Nc3 a6 3. Nge2 d6 4. g3 b5 5. Bg2 Bb7 6. d4 b4 7. Nd5 e6 8. Ne3 Nf6
9. d5 exd5 10. exd5 Nbd7 11. O-O Be7 12. g4 g6 13. Ng3 h6 14. Re1 Qc7 15. Nc4
Nb6 16. Nxb6 Qxb6 17. Bxh6 Rxh6 18. g5 Kf8 19. gxh6 Nd7 20. Rxe7 Kxe7 21. Qg4
Nf6 22. Qg5 Qd8 23. Ne4 Kf8 24. Nxf6 1-0

[Event "27th Czech Open A 2016"]
[Site "Pardubice CZE"]
[Date "2016.07.22"]
[Round "1.38"]
[White "Xylogiannopoulos, Antonios"]
[Black "Gavrilov, Alexei1"]
[Result "0-1"]
[BlackTitle "GM"]
[WhiteElo "2231"]
[BlackElo "2465"]
[WhiteFideId "4215133"]
[BlackFideId "4104358"]
[EventDate "2016.07.22"]

1. e4 e5 2. Nf3 Nc6 3. Bc4 Bc5 4. b4 Bxb4 5. c3 Ba5 6. d4 d6 7. Qb3 Qd7 8. O-O
Bb6 9. Nbd2 Na5 10. Qc2 Ne7 11. dxe5 O-O 12. Ba3 Nxc4 13. Nxc4 Bc5 14. Rad1 Qc6
15. exd6 cxd6 16. Bxc5 dxc5 17. Nfe5 Qc7 18. f4 f6 19. Nd3 Be6 20. Ne3 Rad8 21.
c4 Rd4 22. Nd5 Bxd5 23. cxd5 c4 24. Nf2 Rxd1 25. Rxd1 Rd8 26. d6 Rxd6 27. Rxd6
Qxd6 28. Qxc4+ Kf8 29. Nd3 Nc6 30. Nc5 Qd1+ 31. Kf2 Qd2+ 32. Kg3 g5 33. Ne6+ Ke7
34. Kh3 gxf4 35. Ng7 Qd7+ 36. Nf5+ Kd8 37. Qg8+ Kc7 38. Kg4 Ne5+ 39. Kh4 a6 40.
h3 f3 41. gxf3 Nxf3+ 42. Kh5 Ng5 43. Qc4+ Kb8 44. Qb4 Qe8+ 45. Kg4 Nxe4 46. Ne7
Qd7+ 47. Kh4 Nd6 48. Qe1 0-1

[Event "27th Czech Open A 2016"]
[Site "Pardubice CZE"]
[Date "2016.07.22"]
[Round "1.39"]
[White "Gurevich, Daniel"]
[Black "Mueller, Constantin"]
[Result "1-0"]
[WhiteTitle "IM"]
[WhiteElo "2459"]
[BlackElo "2229"]
[WhiteFideId "2044676"]
[BlackFideId "24697630"]
[EventDate "2016.07.22"]

1. d4 e6 2. e4 d5 3. Nd2 Nf6 4. e5 Nfd7 5. f4 c5 6. Ndf3 Nc6 7. c3 Qb6 8. Ne2
cxd4 9. cxd4 a5 10. Nc3 Bb4 11. a3 Bxc3+ 12. bxc3 a4 13. Bd3 Qc7 14. O-O Na5 15.
f5 exf5 16. Bxf5 Nb3 17. Ng5 Nf8 18. Bxc8 Rxc8 19. Nxf7 Qxc3 20. Nd6+ Kd7 21.
Rf7+ Kc6 22. Nxc8 Qxa1 23. Qc2+ 1-0

[Event "27th Czech Open A 2016"]
[Site "Pardubice CZE"]
[Date "2016.07.22"]
[Round "1.40"]
[White "Gressmann, Moritz"]
[Black "Lugovskoy, Maxim"]
[Result "0-1"]
[BlackTitle "IM"]
[WhiteElo "2228"]
[BlackElo "2458"]
[WhiteFideId "24695084"]
[BlackFideId "24126454"]
[EventDate "2016.07.22"]

1. e4 e6 2. d4 d5 3. exd5 exd5 4. Bd3 Nc6 5. c3 Bd6 6. Ne2 Nge7 7. Bf4 Bg4 8. f3
Bf5 9. Qc2 Qd7 10. Bxd6 cxd6 11. Nf4 Bxd3 12. Qxd3 O-O-O 13. Nd2 g5 14. Ne2 Nf5
15. g4 Nh4 16. O-O-O f5 17. gxf5 Nxf5 18. f4 Rde8 19. Nf1 g4 20. h3 gxh3 21.
Rxh3 h5 22. Ng1 h4 23. Ne3 Nce7 24. Ng4 Ref8 25. Qf3 Ng6 26. Ne2 Ng3 27. Nxg3
Rxf4 28. Qxd5 Qxg4 29. Rdh1 Rhf8 30. Nh5 Rf1+ 31. Kc2 0-1

[Event "27th Czech Open A 2016"]
[Site "Pardubice CZE"]
[Date "2016.07.22"]
[Round "1.41"]
[White "Abergel, Thal"]
[Black "Chovan, Milan"]
[Result "1/2-1/2"]
[WhiteTitle "GM"]
[BlackTitle "FM"]
[WhiteElo "2457"]
[BlackElo "2226"]
[WhiteFideId "614890"]
[BlackFideId "14933691"]
[EventDate "2016.07.22"]

1. e4 c5 2. Nc3 d6 3. Nf3 a6 4. d4 cxd4 5. Nxd4 Nf6 6. h3 e6 7. g4 Nfd7 8. g5 b5
9. h4 Bb7 10. Bg2 Be7 11. f4 b4 12. Nce2 Nc5 13. Ng3 Nbd7 14. O-O O-O 15. f5 Re8
16. a3 a5 17. axb4 axb4 18. Rxa8 Bxa8 19. Qg4 Ne5 20. Qf4 Bf8 21. f6 g6 22. Nf3
Ncd7 23. Nxe5 Nxe5 24. Qd2 Qb6+ 25. Qe3 Qc7 26. Qb3 Rc8 27. Qxb4 Qxc2 28. Qd2
Nd3 29. Qxc2 Rxc2 30. Be3 Rxb2 31. Ra1 Bc6 32. Ra6 Bb7 33. Ra7 Ne1 34. Bh1 Rb1
35. Nf1 Nd3 36. Bg2 Ne5 37. Ra2 h6 38. Rc2 hxg5 39. hxg5 Ba6 40. Ra2 Ng4 41.
Rxa6 Nxe3 42. Ra8 Re1 43. Kf2 Nxg2 44. Ng3 Rc1 45. Kxg2 Rc5 46. Kf3 Rxg5 47. Nf1
d5 48. Ne3 dxe4+ 49. Kxe4 Rg1 50. Kf3 Rh1 1/2-1/2

[Event "27th Czech Open A 2016"]
[Site "Pardubice CZE"]
[Date "2016.07.22"]
[Round "1.42"]
[White "Ruff, Maximilian"]
[Black "Sundararajan, Kidambi"]
[Result "0-1"]
[WhiteTitle "FM"]
[BlackTitle "GM"]
[WhiteElo "2226"]
[BlackElo "2456"]
[WhiteFideId "1271670"]
[BlackFideId "5005370"]
[EventDate "2016.07.22"]

1. e4 c5 2. Nf3 e6 3. d4 cxd4 4. Nxd4 Nc6 5. Nb5 d6 6. c4 a6 7. N5c3 Nf6 8. Be2
Be7 9. O-O O-O 10. Be3 b6 11. Qd2 Bb7 12. f3 Re8 13. Rd1 Rc8 14. Na3 Ne5 15. Bf1
Bf8 16. Rac1 Qc7 17. Kh1 Nfd7 18. Qf2 Ba8 19. Bd4 Qb8 20. Be3 Bc6 21. Rc2 Be7
22. Rcc1 Bd8 23. Nc2 Bb7 24. Na3 Bc7 25. Nc2 Ng6 26. Qg1 h5 27. b4 h4 28. Nd4
Nf6 29. Nb3 Ba8 30. Na4 d5 31. cxd5 exd5 32. Nxb6 Bxb6 33. Bxb6 dxe4 34. Rxc8
Qxc8 35. fxe4 Nxe4 36. Nc5 Qg4 37. Rd4 h3 38. Qe3 hxg2+ 39. Bxg2 Nf2+ 40. Qxf2
Qxg2+ 41. Qxg2 Re1# 0-1

[Event "27th Czech Open A 2016"]
[Site "Pardubice CZE"]
[Date "2016.07.22"]
[Round "1.43"]
[White "Frolov, Artur"]
[Black "Bibik, Jura"]
[Result "1-0"]
[WhiteTitle "IM"]
[BlackTitle "IM"]
[WhiteElo "2455"]
[BlackElo "2225"]
[WhiteFideId "14100134"]
[BlackFideId "4113071"]
[EventDate "2016.07.22"]

1. e4 e5 2. Nf3 Nc6 3. Bb5 a6 4. Ba4 Nge7 5. c3 d6 6. d4 Bd7 7. O-O Ng6 8. d5
Nb8 9. c4 Be7 10. Nc3 O-O 11. Bxd7 Nxd7 12. Be3 f5 13. exf5 Rxf5 14. Ne4 Nf4 15.
g3 Ng6 16. Nfd2 Ndf8 17. Qg4 Qd7 18. b4 h5 19. Qh3 Nh7 20. a4 Raf8 21. a5 c6 22.
Rfc1 cxd5 23. cxd5 Qb5 24. Rc8 Qd7 25. Rxf8+ Ngxf8 26. Rc1 g6 27. Qf1 h4 28. Qc4
hxg3 29. Nxg3 Rf7 30. Nde4 Bh4 31. Qc8 Bxg3 32. hxg3 Qe7 33. Qb8 1-0

[Event "27th Czech Open A 2016"]
[Site "Pardubice CZE"]
[Date "2016.07.22"]
[Round "1.44"]
[White "Chekletsov, Ilya"]
[Black "Solozhenkin, Evgeniy"]
[Result "1-0"]
[WhiteTitle "FM"]
[BlackTitle "GM"]
[WhiteElo "2223"]
[BlackElo "2454"]
[WhiteFideId "24177156"]
[BlackFideId "4102266"]
[EventDate "2016.07.22"]

1. d4 Nf6 2. c4 e6 3. g3 c5 4. d5 exd5 5. cxd5 d6 6. Nc3 g6 7. Bg2 Bg7 8. Nf3
O-O 9. O-O Na6 10. Nd2 Nc7 11. Nc4 Nfe8 12. a4 b6 13. Re1 Ba6 14. Na3 Qd7 15. e4
b5 16. axb5 Nxb5 17. Naxb5 Bxb5 18. f4 Bd4+ 19. Be3 Bxe3+ 20. Rxe3 Rb8 21. e5
Ng7 22. e6 Qe7 23. Bh3 Bc4 24. Qa4 Rb4 25. Qxa7 Qxa7 26. Rxa7 fxe6 27. Bxe6+ Kh8
28. Bh3 Nf5 29. Bxf5 gxf5 30. Ree7 Rfb8 31. Rxh7+ Kg8 32. Rag7+ Kf8 33. Rf7+ Kg8
34. Rhg7+ Kh8 35. Rg6 Rxb2 36. Rxf5 Kh7 37. Rg4 1-0

[Event "27th Czech Open A 2016"]
[Site "Pardubice CZE"]
[Date "2016.07.22"]
[Round "1.45"]
[White "Smith, Bryan G"]
[Black "Karousos-Theodorakis, Nikolaos"]
[Result "1-0"]
[WhiteTitle "GM"]
[WhiteElo "2453"]
[BlackElo "2222"]
[WhiteFideId "2017083"]
[BlackFideId "4275829"]
[EventDate "2016.07.22"]

1. e4 c5 2. Nc3 g6 3. Nf3 Bg7 4. d4 cxd4 5. Nxd4 Nc6 6. Be3 Nf6 7. Bc4 O-O 8.
Bb3 e6 9. O-O d5 10. exd5 exd5 11. h3 Be6 12. Qd2 Qd7 13. Rad1 Bxh3 14. gxh3
Qxh3 15. f3 Ng4 16. fxg4 Nxd4 17. Bxd5 Rad8 18. Qf2 Be5 19. Rxd4 Bxd4 20. Bxf7+
Kg7 21. Bxd4+ Rxd4 22. Qxd4+ Kh6 23. Qf4+ Kg7 24. Nd5 1-0